[Event "Finland Team Ch 09/10"]
[Site "Karjaa FIN"]
[Section "II Division (Group 2)"]
[Date "2009.09.19"]
[Round "1"]
[Board "1"]
[White "Kauppala, Pekka"]
[Black "Nurk, Ivo"]
[WhiteElo "2119"]
[BlackElo "2064"]
[Result "1/2-1/2"]

1.g3 d5 2.Bg2 Nf6 3.c4 c6 4.b3 Bf5 5.Bb2 e6 6.Nf3 Qb6 7.Ne5 Bc5 8.e3
d4 9.O-O O-O 10.Qe2 Nbd7 11.Nd3 dxe3 12.dxe3 Be7 13.Kh1 Rfd8 14.e4 Bg6
15.Nd2 Nc5 16.Nf4 Rd7 17.e5 Ne8 18.Ba3 (18.Ba3 Nd3! {-/+}) 1/2-1/2

[Event "Finland Team Ch 09/10"]
[Site "Karjaa FIN"]
[Section "II Division (Group 2)"]
[Date "2009.09.19"]
[Round "1"]
[Board "2"]
[White "Syvälahti, Heikki"]
[Black "Heikkinen, Jyrki"]
[WhiteElo "2063"]
[BlackElo "2077"]
[Result "1/2-1/2"]

1.Nf3 Nf6 2.g3 d6 3.d4 Bg4 4.Bg2 Qc8 5.h3 Bd7 6.Nc3 c5 7.dxc5 Qxc5
8.O-O g6 9.Be3 Qh5 10.g4 (10.Bg5) Qa5 11.a3 Bg7 12.Qd2 h6 13.b4 Qc7
14.Rac1 Na6 15.Nd4 g5 16.Ndb5 Qb8 17.Nd4 Nc7 18.Qd3 Qc8 19.Ne4 Nxe4
20.Qxe4 d5 21.Qd3 e5 22.Nb3 Bb5 23.Qd1 Bc6 24.Na5 Qe6 25.Nxc6 bxc6
26.c3 (26.c4) h5 27.f3 f5 28.Bxg5 Qg6 29.h4 hxg4 30.fxg4 f4 31.e3 fxe3
32.Qf3 Ne6 33.Qxe3 Nxg5 34.Qxg5 Qxg5 35.hxg5 Rh4 36.b5 (36.c4) Rxg4
37.bxc6 Rxg5 38.Kf2 O-O-O 39.Bh3+ Kc7 40.Rg1 Bh6 41.Bd7 Rxd7 42.cxd7
Rf5+ 43.Ke2 Bxc1 44.d8=Q+ Kxd8 45.Rxc1 Kc7 46.Rh1 Kb6 47.Rh7 a5 48.Kd3
Kc5 49.Rc7+ Kb6 (49...Kb5) 50.Rd7 e4+ 51.Kd4 Kc6 52.Rh7 Rf3 53.Rh6+
Kb5 54.Kxd5 Rxc3 55.Kxe4 Rxa3 56.Kd4 a4 57.Rh8 Rb3 58.Rb8+ Ka5 59.Rxb3
axb3 60.Kc3 Ka4 61.Kb2 Kb4 62.Kb1 1/2-1/2

[Event "Finland Team Ch 09/10"]
[Site "Karjaa FIN"]
[Section "II Division (Group 2)"]
[Date "2009.09.19"]
[Round "1"]
[Board "3"]
[White "Joutsivuo, Timo"]
[Black "Wikman, Jimmy"]
[WhiteElo "1942"]
[BlackElo "1894"]
[Result "0-1"]

1.e4 c5 2.Nf3 Nc6 3.d4 cxd4 4.Nxd4 Qb6 5.Nb3 Nf6 6.Nc3 a6 7.Be3 Qc7
8.Be2 e6 9.a3 b5 10.Bf3 Ne5 11.O-O Bb7 12.Qd4 Bd6 13.h3 Nc4 14.Nd1 Be5
15.Qc5 Bxe4 16.Qxc7 Bxc7 17.Bxe4 Nxe4 18.Bd4 O-O 19.Re1 d5 20.Nc1 Bb6
21.c3 Bxd4 22.cxd4 Rfe8 23.Nd3 Na5 24.Nc1 Nd2 25.Re3 h6 26.Rc3 Rac8
27.Rxc8 Rxc8 28.Nc3 Rc4 29.N1e2 Ndb3 30.Rd1 Nc6 31.Kf1 Ncxd4 32.Nxd4
Nxd4 33.f3 Kf8 34.Rd2 Ke7 35.Kf2 Nb3 36.Rd1 d4 37.Na2 Rc2+ 38.Kg1 a5
39.Rd3 Rxb2 0-1

[Event "Finland Team Ch 09/10"]
[Site "Karjaa FIN"]
[Section "II Division (Group 2)"]
[Date "2009.09.19"]
[Round "1"]
[Board "4"]
[White "Högberg, Toivo"]
[Black "Wigelius, Pentti"]
[WhiteElo "1881"]
[BlackElo "1938"]
[Result "0-1"]

1.e4 c5 2.Bc4 d6 3.Nc3 Nf6 4.a3 Nc6 5.h3 a6 6.d3 e6 7.Nge2 Be7 8.O-O
O-O 9.f4 d5 10.exd5 exd5 11.Ba2 b5 12.Ng3 b4 13.Na4 Bd7 14.c3 a5
15.Bb3 Bd6 16.Be3 bxc3 17.bxc3 d4 18.Bd2 Ne7 19.Nh5 Nfd5 20.cxd4 cxd4
21.f5 Bxa4 22.Bxa4 Be5 23.Bb3 (23.Qg4) Nf6 24.Bg5 Ra6 25.Qe2 Qd6
26.Rae1 Nxh5 27.Qxh5 (27.Qxe5) Bf6 28.Bc1 Nd5 29.Qf3 Ne3 30.Bxe3 dxe3
31.Bc4 Raa8 32.Kh1 Bd4 33.Qg4 Qf6 34.Rf4 Bc3 35.Ref1 Bd2 36.Qe2 Rad8
37.g4 h6 38.Kg2 Rb8 39.Re4 Rb2 40.Rf3 Bc1 41.Qxb2 Qxb2+ 42.Kg3 Qxa3
43.h4 Qd6+ 44.Kh3 Rb8 45.g5 hxg5 46.hxg5 Kf8 47.g6 Rb2 48.Rg3 fxg6
49.fxg6 Rf2 50.Bf7 Rxf7 51.gxf7 Qxd3 52.Rgg4 Qf1+ 53.Kh2 e2 0-1

[Event "Finland Team Ch 09/10"]
[Site "Karjaa FIN"]
[Section "II Division (Group 2)"]
[Date "2009.09.19"]
[Round "1"]
[Board "5"]
[White "Sobenin, Evgeny"]
[Black "Söderberg, Stefan"]
[WhiteElo "1933"]
[BlackElo "1778"]
[Result "1-0"]

1.d4 Nf6 2.c4 g6 3.Nc3 Bg7 4.Nf3 d6 5.e4 O-O 6.Be2 b6 7.O-O Bb7 8.Qc2
c5 9.d5 Nbd7 10.h3 Nh5 11.Be3 Rc8 12.Nh2 Nhf6 13.f4 Ne8 14.Nf3 Nc7
15.Rad1 Rb8 16.Bf2 a6 17.Bg3 Nf6 18.e5 Nh5 19.Bh2 Bh8 20.g4 Ng7 21.f5
Nce8 22.e6 gxf5 23.gxf5 Nf6 24.Ng5 h6 25.exf7+ Rxf7 26.Nxf7 Kxf7
27.Ne4 Qd7 28.Nxf6 exf6 29.Bd3 Ke7 30.Rde1+ Kd8 31.Qe2 Kc7 32.Qe7 Rg8
33.Bxd6+ Kc8 34.Kh2 Rd8 35.Qxd7+ Rxd7 36.Bf4 b5 37.b3 1-0

[Event "Finland Team Ch 09/10"]
[Site "Helsinki FIN"]
[Section "II Division (Group 2)"]
[Date "2009.10.17"]
[Round "2"]
[Board "1"]
[White "Öberg, Tommy"]
[Black "Kauppala, Pekka"]
[WhiteElo "1909"]
[BlackElo "2117"]
[Result "1/2-1/2"]

1.d4 Nf6 2.Nf3 c5 3.e3 d5 4.c4 e6 5.cxd5 exd5 6.Nc3 Nc6 7.h3 c4 8.Be2
Bb4 9.O-O O-O 10.Qc2 Re8 11.a3 Ba5 12.Na4 Ne4 13.b4 Bc7 14.Nc5 Qd6
15.Re1 b6 16.Na4 Re6 (16...Bxh3!! 17.Ra2 (17.gxh3? Qg6+ 18.Kf1 Ng3+
19.fxg3 Qxc2 {-+}) Bxg2 18.Kxg2 Qg6+ 19.Kf1 Qf5 20.Rd1 Qh3+ 21.Ke1 Qh1+
22.Bf1 Qxf3 {-+}) 17.Nc3 a6? (17...Rg6! 18.Nxe4 dxe4 19.Qxe4 Bxh3 20.Bf1
{-/+}) 18.Nxd5! Qxd5 19.Bxc4 Qd6 20.Bxe6 Qxe6 21.Bb2? (21.d5! Qxd5
22.Rd1 Qe6 23.Nd4 Nxd4 24.Qxc7 {+/-}) Bb7 22.d5 Qxd5 23.Rad1 Qf5 24.Nd4
Nxd4 25.Rxd4 Be5 26.Rdd1 Rc8?? (26...Bxb2) 27.Bxe5 f6 28.Qa2+ Kh8
29.Bf4 Nc3 30.Qc4 (30.Qf7 Bd5 31.e4 Bxf7 32.exf5 Nxd1 33.Rxd1) g5
31.g4? (31.Bc7) Qg6 (31...Nxd1!) 32.Qxc8+ (32.Bxc7) Bxc8 33.Rd8+ Kg7
34.Rxc8 Qc2 35.Rc7+ Kg6 36.Bg3 (36.Bh2 {=}) Qd2 (36...Ne2+! 37.Kg2 Qd2
38.Rxe2 Qxe2 {=/+}) 37.Ra1 Qb2 (37...Ne2+! 38.Kh1 Nxg3+ 39.fxg3 Qd6 {-/+})
38.Re1 Qxa3 39.Bd6 Nb5 40.Rc6 Nxd6 41.Rxd6 Qxb4 42.Red1 a5 43.Rc6 b5
44.Rdd6 Qb2 45.f4 gxf4 46.exf4 h6 (46...a4 47.h4 Kf7 48.Rc7+ {=}) 47.h4
a4?? (47...Kf7 {=}) 48.Rd7?? (48.Rc7! {+-} Qa1+ 49.Kf2 Qa2+ 50.Ke3 Qb3+
51.Ke2 Qa2+ 52.Rd2 Qe6+ 53.Kf3 f5 54.h5+ Kf6 55.g5+ hxg5 56.fxg5+ Kxg5
57.Rg7+ Kh6 58.Rg6+) Qb1+ 49.Kh2 Qb2+ 50.Kg1 Qb1+ 1/2-1/2

[Event "Finland Team Ch 09/10"]
[Site "Helsinki FIN"]
[Section "II Division (Group 2)"]
[Date "2009.10.17"]
[Round "2"]
[Board "2"]
[White "Heikkinen, Jyrki"]
[Black "Ekberg, Leif"]
[WhiteElo "2077"]
[BlackElo "1826"]
[Result "1-0"]

1.d4 d5 2.e4 dxe4 3.Nc3 e6 4.Be3 b6 5.f3 Bb7 6.fxe4 Nf6 7.e5 Nd5
8.Nxd5 Bxd5 9.Qg4 Nd7 10.Bd3 c5 11.c3 cxd4 12.cxd4 h5 (12...f5) 13.Qg3
h4 14.Qg4 h3 15.Nxh3 Qh4+ 16.Qxh4 Rxh4 17.O-O Be7 18.Nf4 Bb7 19.Rac1
Rc8 20.g3 Rh8 21.Rxc8+ Bxc8 22.Rc1 Kd8 23.Bg6! Rf8 (23...Nf8 24.Bxf7
g5 25.Ne2 Rh7 26.d5 Rxf7 27.d6) 24.Bxf7 Nxe5 25.Nxe6+ Bxe6 26.Bxe6
Nf3+ 27.Kg2 1-0

[Event "Finland Team Ch 09/10"]
[Site "Helsinki FIN"]
[Section "II Division (Group 2)"]
[Date "2009.10.17"]
[Round "2"]
[Board "3"]
[White "Wendelin, Alf"]
[Black "Joutsivuo, Timo"]
[WhiteElo "1764"]
[BlackElo "1925"]
[Result "1-0"]

1.c4 e5 2.Nc3 Nc6 3.e3 d6 4.g3 Nf6 5.Bg2 Be7 6.Nge2 O-O 7.O-O Bf5 8.d4
Rb8 9.a3 a6 10.b4 Qd7 11.b5 axb5 12.cxb5 Na5 13.e4 exd4 14.Nxd4 Be6
15.Nxe6 fxe6 16.f4 (16.Bh3) Ne8 17.Rb1 Bf6 18.Qd3 b6 19.Be3 (19.e5)
Nb7?? (19...g6) 20.e5 Be7 21.Bc6 (21.f5! Qc8 22.fxe6 dxe5 23.Nd5 Qxe6
24.Nxe7 Qxe7 25.Rxf8+ Qxf8 26.Bxb7 {+-}) Qc8 22.Be4 g6 23.a4 d5 24.Bg2
Nc5 25.Qc2 Ng7 26.g4 Qd7 27.Ne2 Ra8 28.Ra1 Nb7 29.Bd4 Bc5 30.Kh1 Ra7
31.Bh3 Bxd4 32.Nxd4 Nc5 33.Nc6 (33.a5! Raa8 34.a6) Raa8 34.Bg2
(34.a5!) Nb7 35.Qd2 Na5 36.Nxa5 Rxa5 37.Qd4 Rfa8 (37...c5! 38.bxc6
Qxc6 39.Rfb1 Qc5 {=}) 38.Qb4? (38.Rfc1) c5 39.bxc6 Qxc6 40.Rfc1 Rc5
41.Rf1 Rc4 42.Qb3 Raxa4? (42...Qc5 43.h3 Rf8 {=/+}) 43.Rxa4 Rxa4 44.f5
Qc4?? (44...gxf5 45.gxf5 Rc4 46.fxe6 Rc1 47.Rd1 Qc4 48.Bxd5 Qxb3
49.Bxb3 Rxd1+ 50.Bxd1 Nxe6 {=}) 45.Qxb6 gxf5 46.gxf5 exf5 47.Qd8+ 1-0

[Event "Finland Team Ch 09/10"]
[Site "Helsinki FIN"]
[Section "II Division (Group 2)"]
[Date "2009.10.17"]
[Round "2"]
[Board "4"]
[White "Wigelius, Pentti"]
[Black "Ståhlberg, Erik"]
[WhiteElo "1951"]
[BlackElo "1744"]
[Result "1-0"]

1.e4 e6 2.d4 d5 3.exd5 exd5 4.Nf3 Bg4 5.Be2 Nf6 6.O-O Be7 7.Re1 O-O
8.Nbd2 Nbd7 9.Nf1 Re8 10.Ng3 c6 11.Bg5 Nf8 12.h3 Bd7 13.Bd3 h6 14.Be3
Ng6 15.Ne5 Nxe5 16.dxe5 Nh7 17.f4 Bh4 18.Bf2 Qc8 19.Qh5 Qd8 20.Re2
Bxg3 21.Bxg3 f6 22.Bh4 Qb6+ 23.Kh2 Qd4 24.Rf1 Be6 25.Rf3 (25.Bxh7+!
Kxh7 26.f5 Bf7 27.Qxf7 Qxh4 28.Qg6+ Kh8 29.exf6 Rg8 30.f7 Rgf8 31.Re8
{+-}) Bf7?? 26.Bxh7+ 1-0

[Event "Finland Team Ch 09/10"]
[Site "Helsinki FIN"]
[Section "II Division (Group 2)"]
[Date "2009.10.17"]
[Round "2"]
[Board "5"]
[White "Friman, Herman"]
[Black "Sobenin, Evgeny"]
[WhiteElo "1752"]
[BlackElo "1942"]
[Result "0-1"]

1.e4 d6 2.Bc4 g6 3.Ne2 Bg7 4.d4 Nf6 5.Qd3 Nc6 6.c3 e5 7.d5 Ne7 8.O-O
Nh5 9.f4 exf4 10.Bxf4 Nxf4 11.Nxf4 O-O 12.Nd2 g5?! (12...c6) 13.Nh5
Ng6 14.Nxg7 Kxg7 15.Nf3 Ne5 16.Nxe5 dxe5 17.Rad1 Qd6 18.Qe3 f6 19.Be2
Bd7 20.c4 b6 21.h3 a5 22.a3 a4 23.Rf2 h6 24.Rc1 Ra5 25.Qg3 Qc5 26.Rf1
Raa8 27.Kh1 Qd4 28.Bg4 Rad8 29.Bxd7 Rxd7 30.Qg4 Rd6 31.Qe2 Rdd8 32.Qc2
Ra8 33.Rd2 Qc5 34.Qc3 Qd6 35.Rc2 Ra5 36.Qb4 Qc5 37.Qc3 Qd6 38.b4 axb3
39.Qxb3 Rxa3 40.Qb5 Ra5 41.Qb2 Qc5 42.Rcf2 Ra4 43.Rxf6 Rxf6 44.Qxe5
Qd6 0-1

[Event "Finland Team Ch 09/10"]
[Site "Åminnefors FIN"]
[Section "III Division (Group 3)"]
[Date "2009.10.17"]
[Round "2"]
[Board "1"]
[White "Hämäläinen, Leo"]
[Black "Nyman, Leif"]
[WhiteElo "1788"]
[BlackElo "1722"]
[Result "0-1"]

1.d4 Nf6 2.Nf3 d5 3.c4 c5 4.dxc5 Qa5+ 5.Nc3 dxc4 6.e3 Qxc5 7.Qa4+ Bd7
8.Qxc4 e6 9.Bd2 Nc6 10.Qxc5 Bxc5 11.Nb5 Rc8 12.a3 a6 13.Nc3 O-O 14.Rb1
b5 15.b4 Be7 16.Be2 h6 17.O-O Rfd8 18.Rfd1 Be8 19.Kf1 Kf8 20.h3 Rb8
21.Be1 {symmetrinen asema!} Rxd1 22.Bxd1 Bd6 23.Ke2 Ke7 24.Bc2 Rd8
25.Ne4 Nxe4 26.Bxe4 f5 27.Bc2 Rc8 28.Bb3 Bd7 29.Bd2 e5 30.Rc1 e4
31.Ne1 Be6 32.Bxe6 Kxe6 33.Nc2 Be5 34.Kd1 Ne7 35.Ne1 Rxc1+ 36.Kxc1 Kd5
37.Kc2 Kc4 38.f4 Bf6 39.g3 h5 40.Ng2 g6 41.h4 Nd5 42.Ne1 Bd8 43.Kb2
Bb6 44.Kc2 Bxe3 45.Ng2 Bxd2 46.Kxd2 Kb3 47.Ne1 Kxa3 48.Nc2+ Kb3
49.Nd4+ Kxb4 50.Nc6+ Ka4 51.Ne5 Ne7 52.Kc2 a5 53.Nd7 b4 0-1

[Event "Finland Team Ch 09/10"]
[Site "Åminnefors FIN"]
[Section "III Division (Group 3)"]
[Date "2009.10.17"]
[Round "2"]
[Board "2"]
[White "Appelgren, Alpo"]
[Black "Turtiainen, Kimmo"]
[WhiteElo "1677"]
[BlackElo "1808"]
[Result "0-1"]

1.d4 d5 2.e3 Nf6 3.Nd2 e6 4.Ngf3 Bd6 5.Bd3 Nbd7 6.c4 c6 7.c5 Bc7 8.b4
e5 9.dxe5 Nxe5 10.Be2 O-O 11.Bb2 Ng6 12.O-O Re8 13.Bd3 Ng4 14.Qc2 Be6
15.Bf5 Qd7 16.Bxe6 fxe6 17.h3 Nh6 18.e4 e5 19.Qb3 Kh8 20.exd5 cxd5
21.Rfe1 Rad8 22.Rad1 Qf5 23.Qe3 e4?? (23...Kg8) 24.Nd4 (24.Qxh6 {+-})
Qe5 25.g3 Qh5 26.Kg2 Ne5 27.Rf1 Rf8?? (27...Nd3) 28.Ne6 Rf3 (28...Nf5
29.Qf4 Rc8 30.Nxf8 Rxf8 {+/-}) 29.Nxf3 exf3+ 30.Kh2?? (30.Kg1 Qxh3
31.Nf4 Qf5 32.Rxd5 Nhg4 33.Rxd8+ Bxd8 34.Qb3 Bf6 35.Re1 {+-}) Nhg4
31.Kg1 Qxh3 0-1

[Event "Finland Team Ch 09/10"]
[Site "Åminnefors FIN"]
[Section "III Division (Group 3)"]
[Date "2009.10.17"]
[Round "2"]
[Board "3"]
[White "Piippo, Mikko"]
[Black "Holmberg, Per-Erik"]
[WhiteElo "1753"]
[BlackElo "1588"]
[Result "1-0"]

1.d4 Nf6 2.Nf3 e6 3.Bf4 d5 4.e3 c5 5.c3 a6 6.Bd3 Be7 7.Nbd2 Nc6 8.Ne5
Bd7 9.Qf3 Qb6 10.Rb1 O-O 11.Qh3 Be8 12.g4 cxd4 13.exd4 Nxd4?? (13...h6
14.g5 hxg5 15.Bxg5 g6 16.Ndf3 Nh5 17.Bh6 Ng7 18.Rg1 {+/-}) 14.Be3 Nc2+
15.Bxc2 1-0

[Event "Finland Team Ch 09/10"]
[Site "Åminnefors FIN"]
[Section "III Division (Group 3)"]
[Date "2009.10.17"]
[Round "2"]
[Board "4"]
[White "Kaskinen, Tommy"]
[Black "Siikonen, Timo"]
[WhiteElo "1463"]
[BlackElo "1744"]
[Result "1/2-1/2"]

1.Nf3 f5 2.c4 e6 3.d4 d5 4.cxd5 exd5 5.Nc3 Nf6 6.Bg5 Be7 7.Bxf6 Bxf6
8.e3 O-O 9.Qb3 c6 10.a4 a5 11.Bd3 Na6 12.Bxa6 Rxa6 13.O-O Rb6 14.Qc2
Qe8 15.b3 Qh5 16.Ne2 Bg5 17.Ng3 Qh6 18.Nxg5 Qxg5 19.f4 Qh4 20.Nh1 Qe7
21.Qc3 Re8 22.Rfe1 Qb4 23.Qxb4 Rxb4 24.Rab1 b5 25.axb5 cxb5 26.Nf2 a4
27.Nd3 Rxb3 28.Rxb3 axb3 29.Kf2 Ba6 30.Nc5 Ra8 31.Rb1 1/2-1/2

[Event "Finland Team Ch 09/10"]
[Site "Åminnefors FIN"]
[Section "III Division (Group 3)"]
[Date "2009.10.17"]
[Round "2"]
[Board "5"]
[White "Laaksovuori, Tommi"]
[Black "Nyman, Håkan"]
[WhiteElo "1642"]
[BlackElo "1397"]
[Result "1-0"]

1.e4 e5 2.Bc4 Nf6 3.Nf3 Bd6 4.Nc3 O-O 5.d3 Nc6 6.Nd5 Nxd5 7.Bxd5 h6
8.Be3 Qe7 9.Qd2 Bc5 10.Bxh6 d6 (10...gxh6 11.Qxh6 Qd6 {-/+}) 11.c3 Be6
12.Bxe6 Qxe6 13.Be3 Bxe3 14.Qxe3 a6 15.h4 Qh6 16.Qe2 Qg6 17.O-O-O b5
18.h5 Qe6 19.b3 a5 20.h6 g6 21.Qd2 Ne7 22.d4 Qf6 23.Nh2 Qf4 24.dxe5
Qxd2+ 25.Rxd2 dxe5 26.Rd7 Rfe8 27.Rxc7 Rac8 28.Rxc8 Rxc8 29.Kb2 Rd8
30.Nf3 f6 31.Kc2 Kh7 32.g4 g5 33.Ne1 Nc6 34.Nd3 b4 35.cxb4 Nxb4+
36.Nxb4 axb4 37.f3 Rd4 38.Rd1 Rxd1 39.Kxd1 Kxh6 40.Ke2 Kg6 41.Kd3 Kf7
42.Kc4 Ke6 43.Kxb4 Kd6 44.Kc4 Kc6 45.a4 1-0

[Event "Finland Team Ch 09/10"]
[Site "Vantaa FIN"]
[Section "II Division (Group 2)"]
[Date "2009.11.14"]
[Round "3"]
[Board "1"]
[White "Kauppala, Pekka"]
[Black "Laakso, Harri"]
[WhiteElo "2112"]
[BlackElo "2174"]
[Result "1/2-1/2"]

1.e4 e6 2.d4 d5 3.Nc3 Bb4 4.Bd3 c5 5.exd5 Qxd5 6.Bd2 Bxc3 7.Bxc3 cxd4
8.Bxd4 Qxg2 9.Qf3 Qxf3 10.Nxf3 f6 11.Rg1 Kf7 12.O-O-O Nc6 13.Bc4 Nge7
14.Bc5 Nd5 15.Nd2 b6 16.Ba3 Ne5 17.Bb3 Rd8 (17...Nf4!) 18.Ne4 Ba6
19.Nd6+ Kg8 (19...Rxd6!) 20.Rxd5 exd5 21.Bxd5+ Kh8 22.f4 Rxd6 23.Bxd6
Rd8 24.fxe5 fxe5 25.Re1? (25.Bxe5 Rxd5 26.Bxg7+ Kg8 27.Bh6+ Kf7
28.Rg7+ Ke6 29.Rxa7 {+-}) Rxd6 26.Rxe5 g6 27.c4 Kg7 28.Re7+ Kf6 29.Rxa7
Bxc4 30.Bxc4 Rc6 31.Rxh7 (31.b3! b5 32.Kc2 bxc4 33.b4) Rxc4+ 32.Kd2 b5
33.Kd3 Rg4 34.a3 Rg2 35.Kc3 g5 36.b3 Re2 37.Kb4 Re5 38.Rc7 g4 39.Rc6+
Kg5 40.Rc5? (40.Rc2) Rxc5 41.Kxc5 Kh4 42.Kxb5 Kh3 43.a4 Kxh2 44.a5 g3
45.a6 g2 46.a7 g1=Q 47.a8=Q Qf1+ 48.Kc5 Qf2+ 49.Kc4 Qc2+ 50.Kb4 Qd2+
51.Ka3 Qc1+ 52.Ka2 Qc2+ 53.Ka3 Qc1+ 54.Kb4 Qd2+ 55.Kc4 Qc2+ 56.Kb4
1/2-1/2

[Event "Finland Team Ch 09/10"]
[Site "Vantaa FIN"]
[Section "II Division (Group 2)"]
[Date "2009.11.14"]
[Round "3"]
[Board "2"]
[White "Vihinen, Teemu"]
[Black "Heikkinen, Jyrki"]
[WhiteElo "2122"]
[BlackElo "2081"]
[Result "1-0"]

1.e4 d5 2.exd5 Nf6 3.d4 Bg4 4.Bb5+ Nbd7 5.f3 Bf5 6.c4 a6 7.Bxd7+ Qxd7
8.Ne2 e6 9.dxe6 Bxe6 10.d5 Bf5 11.O-O Bc5+ 12.Kh1 O-O 13.Nbc3 Rfe8
14.Ng3 h5? (14...h6) 15.Bg5 Nh7 16.Bf4 g5 17.Nxf5 gxf4 18.Qd3 Re5
19.Nd4 Qe7 20.Qd2 Qf6 21.Nc2 Qh4 22.Rae1 Rae8 23.Re4 Bd6 24.Rxe5 Bxe5
25.Nb4 Bxc3 26.bxc3 Re3 27.Nc2 Re5 28.Re1 Qe7 29.Rxe5 Qxe5 30.Qe1 f6
31.Kg1 Nf8 32.Qxe5 fxe5 33.Ne1 Kf7 34.Nd3 Nd7 35.c5 Kf6 36.Kf2 b5
37.g4 hxg4 38.fxg4 e4? 39.Nxf4 Nxc5 40.h4 Na4 41.g5+ Ke5 42.Ke3
(42.h5! Kxf4 43.h6 e3+ 44.Kg2! {+-}) Nb6 43.h5 Nc4+ 44.Ke2 Nd6 45.h6 Nf7
46.h7 Nh8 47.Ke3 1-0

[Event "Finland Team Ch 09/10"]
[Site "Vantaa FIN"]
[Section "II Division (Group 2)"]
[Date "2009.11.14"]
[Round "3"]
[Board "3"]
[White "Wigelius, Pentti"]
[Black "Anttila, Perttu"]
[WhiteElo "1957"]
[BlackElo "2106"]
[Result "0-1"]

1.e4 e6 2.d4 d5 3.exd5 exd5 4.Nf3 Nf6 5.Bg5 Be7 6.Bd3 O-O 7.O-O b6
8.Nbd2 c5 9.c3 Nc6 10.h3 cxd4 11.cxd4 Nb4 12.Ne5 h6 13.Bh4 Nxd3
14.Nxd3 Bf5 15.Ne5 Rc8 16.Rc1 Qd6 17.Qb3 Ne4 18.Bxe7 (18.Nxe4! Bxe4
19.Bxe7 Qxe7 20.f3 {+/-}) Qxe7 19.Ndf3 (19.Nxe4 dxe4 20.Nc6) Qe6
(19...Qd6) 20.Qe3 f6 21.Nd3 Ng5 22.Nf4 Qd6 23.h4 (23.Nh4) Rce8 24.Qb3
Qxf4 25.hxg5 hxg5 26.Nh2 Be6 27.Qe3 Qxe3 28.fxe3 Rc8 29.Rfd1 Bf5
30.Rxc8 Rxc8 31.Rd2 Rc1+ 32.Kf2 Kf7 33.Nf1 Ke6 34.Ng3 Bg6 35.Ne2 Rh1
36.Ng3 Ra1 37.a3 a5 38.Ne2 b5 39.Ng3 b4 40.axb4 axb4 41.Ne2 Rb1 42.Kg3
Bh5 43.Kf2 Bxe2 44.Kxe2 Kf5 45.Kd3 Rc1 46.Rf2+ Kg4 47.e4 Rd1+ 48.Ke3
Re1+ 49.Re2 Rxe2+ 50.Kxe2 dxe4 51.Ke3 Kf5 52.g4+ Ke6 53.Kxe4 g6 54.b3
f5+ 0-1

[Event "Finland Team Ch 09/10"]
[Site "Vantaa FIN"]
[Section "II Division (Group 2)"]
[Date "2009.11.14"]
[Round "3"]
[Board "4"]
[White "Eskola, Risto"]
[Black "Sobenin, Evgeny"]
[WhiteElo "2076"]
[BlackElo "1950"]
[Result "1/2-1/2"]

1.e4 c6 2.d4 d5 3.exd5 cxd5 4.Bd3 Nc6 5.c3 Nf6 6.Bf4 Bg4 7.Qb3 Qc8
8.Nd2 e6 9.Ngf3 Be7 10.Ne5 Nxe5 11.dxe5 Nd7 12.Qc2 Bh5 13.O-O Bg6
14.Bxg6 hxg6 15.Nf3 Qc4 16.Bg3 Rc8 17.Rfd1 Nc5 18.Rd4 Qa6 19.Qd1 Ne4
20.Qa4+ Qxa4 21.Rxa4 a6 22.Ne1 Bc5 23.Nd3 Ba7 24.Rb4 Rc7 25.Rc1 Kd7
26.Re1 g5 27.Rd1 Kc8 28.Kf1 Nxg3+ 29.hxg3 Rh1+ (29...Rc4! 30.Rxc4+
dxc4 31.Ne1 g4) 30.Ke2 Rxd1 31.Kxd1 Rc4 32.Ke2 Rxb4 33.Nxb4 Kd7
1/2-1/2

[Event "Finland Team Ch 09/10"]
[Site "Vantaa FIN"]
[Section "II Division (Group 2)"]
[Date "2009.11.14"]
[Round "3"]
[Board "4"]
[White "Järvinen, Seppo"]
[Black "Hallenberg, Sami"]
[WhiteElo "1780"]
[BlackElo "2074"]
[Result "0-1"]

1.Nf3 d6 2.d4 f5 3.c4 Nf6 4.Nc3 g6 5.Bg5 Bg7 6.Qc1 O-O 7.Bxf6 Bxf6
8.h4 e5 9.dxe5 dxe5 10.Nd5 e4 11.Ng5 Nc6 12.Qd2 Ne5 13.O-O-O h6 14.Nh3
Nxc4 15.Qxh6 Bxb2+ 16.Kc2 Qe8 17.Ne7+?? (17.Qxg6+ Qxg6 18.Ne7+ Kg7
19.Nxg6 Kxg6 20.Nf4+ Kf6 21.Nd5+ Kg7 22.e3 {-/+}) Qxe7 18.Qxg6+ Bg7
19.Ng5 Rf6 20.Qh7+ Kf8 21.Qh5 Na3+ 0-1

[Event "Finland Team Ch 09/10"]
[Site "Helsinki FIN"]
[Section "III Division (Group 3)"]
[Date "2009.11.14"]
[Round "3"]
[Board "1"]
[White "Grönroos, Matti"]
[Black "Hämäläinen, Leo"]
[WhiteElo "1971"]
[BlackElo "1767"]
[Result "1-0"]

1.e4 e5 2.Nf3 Nc6 3.Bc4 Be7 4.d4 d6 5.h3 Nf6 6.Nc3 O-O 7.O-O exd4
8.Nxd4 Ne5 9.Be2 a6 10.f4 Ng6 11.Qe1 Bd7 12.Bf3 Rb8 13.Nf5 Ne8
14.Nxe7+ Qxe7 15.Be3 b6 16.Qd2 Bc6 17.Rae1 Qd8 18.Bd4 Qc8 19.Nd5 Bxd5
20.exd5 Qd8 21.f5 Nh8 22.Re4 Nf6 23.Qg5 h6 24.Qg3 g5 25.fxg6 fxg6
26.Re6 Kh7 27.Qe1 Ng8 28.Bxh8 Kxh8 29.Rxg6 Qd7 30.Qc3+ Kh7 31.Be4
Rxf1+ 32.Kxf1 Rf8+ 33.Kg1 1-0

[Event "Finland Team Ch 09/10"]
[Site "Helsinki FIN"]
[Section "III Division (Group 3)"]
[Date "2009.11.14"]
[Round "3"]
[Board "2"]
[White "Turtiainen, Kimmo"]
[Black "Kuivalainen, Jouko"]
[WhiteElo "1819"]
[BlackElo "1684"]
[Result "1-0"]

1.d4 Nf6 2.c4 g6 3.Nc3 Bg7 4.Nf3 O-O 5.Qc2 d6 6.Bg5 Nbd7 7.e4 c6 8.Be2
Re8 9.Rd1 h6 10.Bf4 Qa5 11.O-O Nh5 12.Bd2 Qc7 13.Qc1 Kh7 14.Be3 e5
15.d5 c5 16.h3 Nf8 17.Nh2 Nf6 18.Bd3 a6 19.Ne2 Bd7 20.Ng3 Rab8 21.f4
Ng8 22.Nf3 (22.fxe5! dxe5 23.Rxf7) f6 23.fxe5 fxe5 24.Rf2 b5 25.b3
bxc4 26.bxc4 Nf6 27.Rdf1 Qd8 28.Ng5+ Kg8 29.Nf3 Kh7 30.Nh2 Bc8 31.Rf3
Qe7 32.R1f2 N8d7 33.Ne2 Rf8 34.g4 Ng8 35.Qf1 Rxf3 36.Rxf3 Ndf6 37.g5
Nh5 38.Rf7 Qd8 39.gxh6? (39.Nf3) Nxh6 40.Bxh6 Kxh6 41.Nf3 Qe8
(41...g5!) 42.Rc7 Bd7 43.Qc1+ Kh7 44.Ra7 Bxh3?? (44...Ra8 {-/+}) 45.Ng5+
Kg8 46.Nxh3 Qc8 47.Nf2 Kh7 48.Qg5 Rb7 49.Rxa6 Rb2 50.Rxd6 Nf6 51.Rxf6
1-0

[Event "Finland Team Ch 09/10"]
[Site "Helsinki FIN"]
[Section "III Division (Group 3)"]
[Date "2009.11.14"]
[Round "3"]
[Board "3"]
[White "Rusanen, Veikko"]
[Black "Piippo, Mikko"]
[WhiteElo "1513"]
[BlackElo "1763"]
[Result "0-1"]

1.d4 f5 2.Bf4 Nf6 3.e3 e6 4.Nf3 b6 5.Be2 Bb7 6.O-O Be7 7.c4 O-O 8.Nc3
d6 9.Ng5 Bc8 10.Nf3 (10.Bf3 d5 11.cxd5 Nxd5 12.Nxd5 exd5 13.h4 h6
14.Bxc7) h6 11.h3 Bb7 12.Nd2 Nbd7 13.Bf3 d5 14.cxd5 exd5 15.a3
(15.Qc2) a6 16.Rc1 Rc8 17.Qb3 c6 18.Ne2 Kh8 19.Qc2 Ne4 20.Nxe4 fxe4
(20...dxe4) 21.Bg4 c5 22.Qd2 Rc6 23.Bxd7 (23.dxc5 Nxc5 24.Rc3) Qxd7
24.Be5 Bd6 25.Bxd6 Qxd6 26.Nf4 (26.dxc5 bxc5 27.b4) g5 27.Ne2
(27.dxc5) Bc8 (27...c4) 28.Ng3 c4 29.Rc3 b5 30.Rfc1 a5 31.Ra1 Bd7
32.Rcc1 Ra6 33.Ne2 Qf6 34.Rf1 Qd6 35.Nc3 Rb6 36.Ne2 Ra8 37.Qc2 g4
38.hxg4 Bxg4 39.Nf4 Rg8 40.Qd2 Ra6 (40...Bf3! 41.g3 Qf6 42.Kh2 Rg5
43.Qxa5 Qxf4! 44.gxf4 Rh5+ {-+}) 41.Rab1 h5 42.b3 (42.Kh2! h4 43.Rh1
{-/+}) h4 43.bxc4 bxc4 44.Rb5 h3 45.g3 h2+ 46.Kxh2 Qh6+ 0-1

[Event "Finland Team Ch 09/10"]
[Site "Helsinki FIN"]
[Section "III Division (Group 3)"]
[Date "2009.11.14"]
[Round "3"]
[Board "4"]
[White "Siikonen, Timo"]
[Black "Karppinen, Reino"]
[WhiteElo "1730"]
[BlackElo "1428"]
[Result "1-0"]

1.e4 c5 2.f4 Nc6 3.Bb5?! Qc7 (3...Nd4) 4.Bxc6 Qxc6 5.d3 d6 6.Nf3 g6
7.Nc3 Bg4 8.O-O e6 9.Bd2 Bg7 10.Rb1 Ne7 11.Qe1 Bxf3 12.Rxf3 O-O 13.Qh4
f6 14.Rh3 Kf7 15.Rf1 Rh8 16.f5 Qd7? (16...exf5 17.exf5 Nxf5 18.Qc4+)
17.fxe6+ Qxe6 18.Bg5 h6 19.Bxf6 Ng8? 20.Be5+ Nf6 21.Bxf6 1-0

[Event "Finland Team Ch 09/10"]
[Site "Helsinki FIN"]
[Section "II Division (Group 2)"]
[Date "2010.01.16"]
[Round "4"]
[Board "1"]
[White "Pystynen, Jarmo"]
[Black "Kauppala, Pekka"]
[WhiteElo "1994"]
[BlackElo "2153"]
[Result "0-1"]

1.d4 g6 2.Bg5 Bg7 3.c3 Nf6 4.Nd2 O-O 5.e3 d6 6.Bxf6 exf6 7.Bd3 f5
8.Qf3 Nd7 9.Ne2 Nf6 10.Nc4? (10.Nf4) Ne4 11.h4 d5 12.Nd2 h5 13.Nf4 Re8
14.Be2 c6 15.Nxe4 fxe4 16.Qg3 Qf6 17.Kd2 Bf5 18.Rac1 a6 19.Qg5 Qxg5
20.hxg5 Bf8 21.Rcg1 Be7 22.g4 hxg4 23.Bxg4 Bxg4 24.Rxg4 Kg7 25.Ke2 Rh8
26.Rhg1 Rh2 27.b3 b5 28.R4g2 Rxg2 29.Rxg2 a5 30.f3 b4 31.fxe4 dxe4
32.c4 a4 33.bxa4 (33.d5 c5) Rxa4 34.Kd1 Ra3 35.Rd2 (35.c5) Bxg5 36.Ke1
Bxf4 (36...Rxe3+! 37.Ne2 f5) 37.exf4 Rh3 38.Kd1 Kf6 39.d5 cxd5 40.cxd5
Ke7 41.Rd4 Rd3+ 0-1

[Event "Finland Team Ch 09/10"]
[Site "Helsinki FIN"]
[Section "II Division (Group 2)"]
[Date "2010.01.16"]
[Round "4"]
[Board "2"]
[White "Heikkinen, Jyrki"]
[Black "Lindholm, Arto"]
[WhiteElo "2072"]
[BlackElo "1868"]
[Result "1/2-1/2"]

1.d4 f5 2.Nc3 Nf6 3.e4 fxe4 4.g4 d5 5.g5 Ng8 6.f3 Bf5 7.fxe4 dxe4
8.Bg2 e6 9.Nxe4 Nc6 10.Be3 Nge7 11.Qd2 Nd5 12.O-O-O Be7 13.h4 Qd7
14.Ne2 O-O-O 15.c4 Nxe3 16.Qxe3 Kb8 17.Bf3 Rhf8 18.Rd2 Nb4 19.a3 Na6
20.Rhd1 c6 21.N4g3 Qc7 22.c5? (22.Nxf5 exf5 23.Nf4 Bd6 24.Ne6 Rfe8
25.Nxc7 Rxe3 26.Nxa6+ bxa6 27.Bxc6 {+/-}) Rde8 23.Bg2 Bg4 24.Re1 Bd8
25.Ne4 Be7 26.Nf2 Bf5 27.Ng3 Qd7? (27...Bg6) 28.Nxf5 exf5 29.Qe5+ Qc7
30.Qxg7 Bd6 31.Qxc7+ Bxc7 32.Rde2? (32.Rxe8+ Rxe8 33.Nh3 {+/-}) Rxe2
33.Rxe2 Bg3 34.h5 Bf4+ 35.Kc2 Bxg5 36.Kc3 1/2-1/2